000 00718nam a2200205 4500
003 OSt
005 20230907114912.0
008 708 R549v
040 _cLado V
082 _a779.9
_bK96a
100 _91029
_aKulik, Zofia
_eautor
245 _aAn Iconographic Guide to/
_bAll the missiles are one missile/
260 _aPolonia
_bXLVII International Biennale of the Visual Arts
_c1997
300 _a48p.
_c18x15cm
650 _2Tesauro de Arte & Arquitectura
_aARTE
_9702
650 _2Tesauro de Arte & Arquitectura
_aFOTOGRAFIA
_9702
650 _2Tesauro de Arte & Arquitectura
_aICONOGRAFIA
_9702
650 _2Tesauro de Arte & Arquitectura
_aIMAGENES BÉLICAS
942 _2ddc
_c1
_h779.9
_iK96a
_n0
999 _c4287
_d4287